• 首页
  • 本馆介绍
  • 公告通知
  • 最新文献
  • 馆藏检索
  • 电子资源
  • 读者导购
  • 参考咨询
  • 我的图书馆
  • 登录
  • 详细信息显示
  • 放入我的书架
  • 预约/预借图书
  • 作者相关作品
  • 分类相关作品
  • 丛书相关作品
  • 出版社相关作品

书目信息

  • 表格格式
  • 工作单格式
  • 卡片格式
题名:
论严复与严译名著
    
 
作者: ;商务印书馆编辑部 编
分册:  
出版信息: 北京   商务印书馆  1982
页数: 171页
开本: 21cm
丛书名:
单 册:
中图分类: B256.5 , K827.5
科图分类:
主题词: 哲学思想-严复--文集 , 人物--传记--中国
电子资源:
ISBN:
000 00776nam0 2200277 45
001 0182006263
005 20040519155455.8
010    @dCNY0.80
091    @a2017.276
100    @a19950524d1982 em y0chiy0121 ea
101 0  @achi
102    @aCN@b110000
105    @af r 000yy
106    @ar
200 10 @a论严复与严译名著@Alun yan fu yu yan yi ming zhu@f商务印书馆编辑部编
210    @a北京@c商务印书馆@d1982
215    @a171页@c照片@d21cm
600  0 @a严复@x哲学思想@x文集
606    @a哲学思想-严复@x文集
606 0  @a人物@x传记@x中国
690    @aB256.5@v3
690    @aK827.5
711 02 @a商务印书馆编辑部@Ashang wu yin shu guan bian ji bu@4编
801  0 @aCN@b上海图书馆@c20040519
801  2 @aCN@bNLC@c20040519
905    @f2@b218118-119@dK827.5@e146
    
    论严复与严译名著/商务印书馆编辑部编.-北京:商务印书馆,1982
    171页:照片;21cm
    
    
    ISBN :CNY0.80
    
●
相关链接 在E读中查询图书 在五车中查询图书 在当当中查询图书 在豆瓣中查询图书


正题名:论严复与严译名著     索取号:K827.5/146         预约/预借

序号 登录号 条形码 馆藏地/架位号 状态 备注
1 0218118   000282580   第二借阅区/ [索取号:K827.5/146] 在馆    
2 0218119   000282599   第二借阅区/ [索取号:K827.5/146] 在馆    
3 0218120   000282606   第二样本阅览室/ [索取号:K827.5/146] 在馆    
唐山师范学院图书馆 欢迎您!
大连网信软件有限公司© 版权所有